000 00996nam a2200301 a 4500
001 000008533
005 20200929161347.0
008 090917s2008 dr ac 001 0 spa d
020 _a9789945851410
040 _aDO-SdBNP
_bspa
_cBNPHU
082 _a709
_bL782a
100 1 _aLitvinenko, Elena
_922880
245 1 0 _aArte y comunicación I /
_cElena Litvinenko.
260 _aSanto Domingo :
_bUNAPEC,
_c2008.
300 _a135 p. :
_bil. ;
_c22 cm.
490 1 _aUNAPEC por un mundo mejor
490 1 _aArtes y comunicación
_v2
504 _aBibliografía : p. 133-135
590 _aLa biblioteca posee 3 jemplares autografíados por la autora.
590 _aInventariado, 2018/LP
650 4 _aApreciación del arte
_95186
650 4 _aArte y sociedad
_95077
650 4 _aArte e historia
_922881
650 4 _aComunicación en arte
_922882
830 0 _aUNAPEC por un mundo mejor
_922883
830 0 _aArtes y comunicación ;
_n2
_922884
910 _aValidado. Control de calidad EMS
999 _c8303
_d8303